Time-to-build and convex adjustment costs

Guardado en:
Detalles Bibliográficos
Autor principal: Koeva, Petya
Formato: Libro
Lenguaje:inglés
Publicado: Washington International Monetary Fund 2001
Colección:IMF Working Paper WP/01/9
Materias:
Etiquetas: Agregar Etiqueta
Sin Etiquetas, Sea el primero en etiquetar este registro!

MARC

LEADER 00000nam a2200000 4500
001 c124811
005 20221221091351.9
041 0 |a eng 
044 |a US 
245 1 0 |a Time-to-build and convex adjustment costs  |c Petya Koeva 
264 1 |a Washington  |b International Monetary Fund  |c 2001 
300 |a 22 s. 
490 1 |a IMF Working Paper  |v WP/01/9 
830 0 |a IMF Working Paper  |v WP/01/9 
610 2 0 |a investície 
610 2 0 |a modely investícií 
610 2 0 |a náklady 
100 1 |a Koeva, Petya